Statistics for 都道府県庁(北から南)

Click here to take the quiz!

General Stats

  • This quiz has been taken 259 times
  • The average score is 26 of 47

Answer Stats

都道府県名北緯% Correct
北海道43°03′52″
100%
青森県40°49′28″
99%
秋田県39°43′07″
97%
岩手県39°42′13″
95%
宮城県38°16′08″
94%
山形県38°14′26″
94%
新潟県37°54′09″
93%
福島県37°45′00″
93%
富山県36°41′43″
88%
長野県36°39′05″
85%
茨城県36°20′30″
83%
栃木県36°33′57″
83%
群馬県36°23′28″
83%
石川県36°35′41″
83%
埼玉県35°51′25″
82%
福井県36°03′55″
81%
東京都35°41′22″
77%
山梨県35°39′50″
72%
千葉県35°36′16″
71%
鳥取県35°30′12″
65%
島根県35°28′20″
64%
神奈川県35°26′52″
63%
岐阜県35°23′28″
55%
愛知県35°10′49″
53%
京都府35°01′16″
51%
滋賀県35°00′16″
47%
静岡県34°58′37″
42%
三重県34°43′49″
40%
兵庫県34°41′29″
39%
大阪府34°41′11″
37%
奈良県34°41′07″
34%
岡山県34°39′42″
33%
広島県34°23′48″
31%
沖縄県26°12′45″
28%
香川県34°20′24″
27%
鹿児島県31°33′37″
26%
和歌山県34°13′34″
25%
宮崎県31°54′40″
25%
山口県34°11′09″
24%
徳島県34°03′57″
23%
愛媛県33°50′30″
22%
福岡県33°36′23″
22%
高知県33°33′35″
20%
佐賀県33°14′58″
20%
大分県33°14′17″
20%
熊本県32°47′23″
20%
長崎県32°45′00″
20%

Score Distribution

Percentile by Number Answered

Percent of People with Each Score

Your Score History

You have not taken this quiz